Central Library OPAC University of Rajshahi

The Ottomans / (Record no. 63808)

MARC details
000 -LEADER
fixed length control field 00744nam a2200241 a 4500
001 - CONTROL NUMBER
control field 63808
003 - CONTROL NUMBER IDENTIFIER
rucl marc code BD-RJUL
005 - DATE AND TIME OF LATEST TRANSACTION
control field 20211209081233.0
008 - FIXED-LENGTH DATA ELEMENTS--GENERAL INFORMATION
fixed length control field 170204s1993 enkab b 001 0 eng d
020 ## - INTERNATIONAL STANDARD BOOK NUMBER
International Standard Book Number 0670844128
035 ## - SYSTEM CONTROL NUMBER
System control number (BD-RJUL)63938
040 ## - CATALOGING SOURCE
Original cataloging agency BD-RJUL
Transcribing agency BD-RJUL
Language of cataloging eng
041 ## - LANGUAGE CODE
Language code of text/sound track or separate title eng
082 ## - DEWEY DECIMAL CLASSIFICATION NUMBER
Edition number 23
Classification number 956.1
Author mark and year WHO 1993
100 1# - MAIN ENTRY--PERSONAL NAME
Personal name Wheatcroft, Andrew.
9 (RLIN) 189419
245 14 - TITLE STATEMENT
Title The Ottomans /
Statement of responsibility, etc. Andrew Wheatcroft.
260 ## - PUBLICATION, DISTRIBUTION, ETC. (IMPRINT)
Place of publication, distribution, etc. London, England ;
-- New York, N.Y., USA :
Name of publisher, distributor, etc. Viking,
Date of publication, distribution, etc. C1993.
300 ## - PHYSICAL DESCRIPTION
Pagination xxix, 322 p. ;
Illustrations ill. ;
Size 24 cm.
504 ## - BIBLIOGRAPHY, ETC. NOTE
Bibliography, etc Includes bibliographical references (p. 289-[307]) and index.
650 ## - SUBJECT ADDED ENTRY--TOPICAL TERM
Topical term or geographic name as entry element Turkey
9 (RLIN) 189420
651 #0 - SUBJECT ADDED ENTRY--GEOGRAPHIC NAME
Geographic name Turkey
General subdivision History
Chronological subdivision Ottoman Empire, 1288-1918.
9 (RLIN) 189421
942 ## - ADDED ENTRY ELEMENTS (KOHA)
Source of classification or shelving scheme Dewey Decimal Classification
Koha item type Books
Holdings
Lost status Source of classification or shelving scheme Damaged status Not for loan Collection code Permanent Location Current Location Shelving location Date acquired Source of acquisition Cost, normal purchase price Total Checkouts Full call number Date last seen Copy number Koha item type
  Dewey Decimal Classification   Not For Loan Non-fiction Central Library, University of Rajshahi Central Library, University of Rajshahi Reading Room 11/02/1996 Zeenat Book Shop, Dhaka 1500.00   956.1 WHO 1993 04/02/2017 C-1 Books